Evangelistic sermon outlines. (Record no. 11050)

000 -LEADER
fixed length control field 00592nam a2200193 a 4500
001 - CONTROL NUMBER
control field :::00008843$&:&@@
003 - CONTROL NUMBER IDENTIFIER
control field OkBaRHE
005 - DATE AND TIME OF LATEST TRANSACTION
control field 20000607103346.0
008 - FIXED-LENGTH DATA ELEMENTS--GENERAL INFORMATION
fixed length control field s1987 j 000 0 eng u
040 ## - CATALOGING SOURCE
Transcribing agency
100 1# - MAIN ENTRY--PERSONAL NAME
Personal name Apostolon, Billy.
245 10 - TITLE STATEMENT
Title Evangelistic sermon outlines.
260 ## - PUBLICATION, DISTRIBUTION, ETC. (IMPRINT)
Place of publication, distribution, etc Grand Rapids, MI., :
Name of publisher, distributor, etc Baker Book House
Date of publication, distribution, etc 1987
300 ## - PHYSICAL DESCRIPTION
Extent 48 p. ;
Dimensions 22 cm.
490 0# - SERIES STATEMENT
Series statement Sermon outline series.
650 ## - SUBJECT ADDED ENTRY--TOPICAL TERM
Topical term or geographic name as entry element Evangelistic Sermons
General subdivision Outlines
942 ## - ADDED ENTRY ELEMENTS (KOHA)
Source of classification or shelving scheme
Koha item type Books
Copies
Date last seen Date acquired Shelving location Price effective from Withdrawn status Barcode Permanent Location Copy number Lost status Not for loan Full call number Damaged status Koha item type Source of classification or shelving scheme
2010-04-142010-04-14General Stacks2010-04-14 8843RHEMA Bible Training College1  BV 3797 .A56 Books